000 00309nam a2200109Ia 4500
008 200302s9999 xx 000 0 und d
100 _aPhilip Jodidio
245 _aArchitecture Now ! 6 Architektur Heute / L' architecture D' Aujord hui
260 _bTaschen Gmbh Group Ltd.
260 _c2009
300 _a576 P.,
999 _c2658
_d2658